| 000 | 00573nam a2200241Ia 4500 | ||
|---|---|---|---|
| 008 | 181129s9999 xx 000 0 und d | ||
| 020 | _a9780590543439 | ||
| 050 | _bM996 2001 | ||
| 100 | _aMyers, Walter Dean | ||
| 245 | 0 | _aMuhammad Ali / | |
| 245 | 0 | _cby Walter Dean Myers. | |
| 260 | _aNew York, NY : | ||
| 260 | _bScholastic, | ||
| 260 | _c2001 | ||
| 300 | _a172 pages : | ||
| 300 | _billustrations ; | ||
| 300 | _c19cm. | ||
| 440 | _aThe greatest. | ||
| 650 | _aBoxers (Sports). | ||
| 650 | _aUnited States. | ||
| 700 | _aSeries. | ||
| 700 | _aTitle. | ||
| 999 |
_c360267 _d360267 |
||